000 00224nam a22000857a 4500
008 160720b xxu||||| |||| 00| 0 eng d
100 _93071
_aLal & Company
245 _aMaster Science - X
260 _aNew Delhi
_bLal & Company
_c2007
999 _c2634
_d2634